| 000 | 00565nam a22002057a 4500 | ||
|---|---|---|---|
| 999 |
_c4913 _d4913 |
||
| 003 | AR-CdUCM | ||
| 008 | 190311b ||||| |||| 00| 0 spa d | ||
| 040 |
_aMUNICIPALIDAD PROVINCIAL DEL CUSCO _cBIBLIOTECA MUNICIPAL DEL CUSCO |
||
| 041 | _heng | ||
| 082 |
_a819.901 / _bAG29 |
||
| 100 |
_aAgard, John _915090 |
||
| 245 | _aMan to pan / | ||
| 260 |
_aLa Habana : _bCasa de las Américas, _c1982. |
||
| 300 |
_a78 paginas ; _c19 cm. |
||
| 505 | _aPoesía | ||
| 650 |
_aPoesías guyaneses _915091 |
||
| 650 |
_aSiglo XX. _98 |
||
| 942 |
_2ddc _cLIBROS |
||
| 945 | _aacv | ||